Largest French Cities by Letter - Statistics

General Stats
  • This quiz has been taken 65 times
  • The average score is 12 of 23
Answer Stats
Letter Population Answer % Correct
L 500,000 Lyon
100%
M 860,000 Marseille
100%
P 2,200,000 Paris
100%
T 460,000 Toulouse
95%
B 240,000 Bordeaux
93%
N 340,000 Nice
91%
S 280,000 Strasbourg
86%
R 210,000 Rennes
76%
D 150,000 Dijon
72%
O 110,000 Orléans
71%
G 160,000 Grenoble
66%
Q 64,000 Quimper
48%
A 150,000 Angers
43%
C 140,000 Clermont-Ferrand
41%
H 170,000 Le Havre
34%
V 150,000 Villeurbanne
29%
F 84,000 Fort-de-France
28%
K 26,000 Kourou
14%
I 66,000 Issy-les-Moulineaux
12%
W 42,000 Wattrelos
7%
J 38,000 Joué-lès-Tours
5%
Y 29,000 Yerres
3%
E 55,000 Épinay-sur-Seine
2%
No matching quizzes found
Score Distribution
Percent of People with Each Score
Percentile by Number Answered
Your Score History
You have not taken this quiz